000 00649nam a2200205 i 4500
001 58283
003 ES-MaACL
005 20250814230645.0
007 t|
008 031021s1972 sp ||||1| spa d
100 1 _aDurán, María Ángeles.
_946195
245 1 3 _aEl trabajo de la mujer en España
_b: un estudio sociológico /
_cMª Angeles Durán.
260 _aMadrid :
_bTecnos,
_c[1972]
300 _a252 p. ;
_c24 cm.
490 1 _aCiencias sociales. Sociología
650 0 4 _aMujeres-
_xTrabajo-
_zEspaña
_915320
830 1 0 _aCiencias sociales.
_pSociología
_9181951
852 _aES-MaACL
_jC-46123
999 _c58283
_d58283